| 000 | 00596nam a2200193Ia 4500 | ||
|---|---|---|---|
| 008 | 151121s9999||||xx |||||||||||||| ||und|| | ||
| 082 | _a920/भट | ||
| 082 | _bHNW-60724 | ||
| 100 | _aभट्ट विठ्ठलराय | ||
| 245 | _aयुगपुरुष पंचक | ||
| 260 | _b"भट, पुणे" | ||
| 260 | _c-- | ||
| 300 | _a72 | ||
| 600 | _aभट्ट विठ्ठलराय | ||
| 630 | _aयुगपुरुष पंचक | ||
| 700 | _aभट्ट विठ्ठलराय | ||
| 730 | _aयुगपुरुष पंचक | ||
| 942 | _cBOOK | ||
| 999 |
_c1242273 _d1242270 |
||